| 000 -ლიდერი |
| ფიქსირებული სიგრძის საკონტროლო ველი |
01424nam a2200241Ia 4500 |
| 001 - საკონტროლო ნომერი |
| საკონტროლო ველი |
2405 |
| 003 - საკონტროლო ნომრის იდენტიფიკატორი |
| საკონტროლო ველი |
GE_BSU |
| 005 - ბოლო ოპერაციის თარიღი და დრო |
| საკონტროლო ველი |
20210216134527.0 |
| 008 - ფიქსირებული სიგრძის მონაცემთა ელემენტები - ზოგადი ინფორმაცია |
| ფიქსირებული სიგრძის საკონტროლო ველი |
181216s2008||||ge |||||||||||||| ||geo|| |
| 040 ## - კატალოგიზაციის წყარო |
| Transcribing agency |
GE_BSU |
| 041 ## - ენის კოდი |
| Language code of text/sound track or separate title |
geo |
| 080 ## - უნივერსალური ათობითი კლასიფიკაციის ინდექსი |
| Universal Decimal Classification number |
34(038) ბ–50 |
| 100 ## - მთავარი ჩანაწერი - პიროვნების სახელი |
| Personal name |
ბეჟაშვილი, ლევან |
| 9 (RLIN) |
9309 |
| 245 ## - ცნობა სათაურის შესახებ |
| Title |
საქართველოს საკანონმდებლო ტერმინთა ლექსიკონი : |
| Remainder of title |
(2007 წლის 1 სექტემბრის მდგომარეობით) / |
| Statement of responsibility, etc |
ლევან ბეჟაშვილი, თამარ ჩხაიძე, შოთა თარხნიშვილი ; საქ. პარლამენტის იურიდ. საკითხთა კომ-ტი. |
| 264 ## - წარმოების, გამოცემის, დისტრიბუციის და სხვა ცნობები |
| გამოცემის, წარმოების, დისტრიბუციის... ადგილი |
თბილისი : |
| გამოცემის, წარმოების, დისტრიბუციის... სახელწოდება |
[სიესტა], |
| გამოცემის, წარმოების, დისტრიბუციის... თარიღი |
2008. |
| 300 ## - ფიზიკური აღწერა |
| Extent |
305 გვ.: |
| Other physical details |
19 სმ. |
| 653 ## - INDEX TERM--UNCONTROLLED |
| Uncontrolled term |
საქართველოს საკანონმდებლო ტერმინთა ლექსიკონი |
| 653 ## - INDEX TERM--UNCONTROLLED |
| Uncontrolled term |
სამართალი |
| 700 ## - ADDED ENTRY--PERSONAL NAME |
| Personal name |
ჩხაიძე, თამარ |
| Relator term |
ავტორი |
| 9 (RLIN) |
77 |
| 700 ## - ADDED ENTRY--PERSONAL NAME |
| Personal name |
თარხნიშვილი, შოთა |
| Relator term |
ავტორი |
| 9 (RLIN) |
10125 |
| 856 ## - ELECTRONIC LOCATION AND ACCESS |
| Uniform Resource Identifier |
http://dspace.nplg.gov.ge/bitstream/1234/4714/1/Saqartvelos_Sakanonmdeblo_Terminta_Leqsikoni.pdf |
| Link text |
ელ.წიგნი. pdf |
| 942 ## - ADDED ENTRY ELEMENTS (KOHA) |
| Koha item type |
წიგნი |
| Source of classification or shelving scheme |
|